A Students Guide to Fourier Transforms : With Applications in Physics and Engineering. (Record no. 3144)

MARC details
005 - DATE AND TIME OF LATEST TRANSACTION
control field 20250621081848.0
020 ## - INTERNATIONAL STANDARD BOOK NUMBER
International Standard Book Number 0 521 80826 X
082 ## - DEWEY DECIMAL CLASSIFICATION NUMBER
Classification number TEA LM 530 JAM
100 ## - MAIN ENTRY--PERSONAL NAME
Author name JAMES, J. F.
245 ## - TITLE STATEMENT
Title A Students Guide to Fourier Transforms : With Applications in Physics and Engineering.
250 ## - EDITION STATEMENT
Edition statement 2nd Ed
260 ## - PUBLICATION, DISTRIBUTION, ETC.
Place of publication, distribution, etc. Cape Town,
Name of publisher, distributor, etc. Cambridge University Press,
Date of publication, distribution, etc. 2002.
300 ## - PHYSICAL DESCRIPTION
Extent ix,135p.: Ill.; figure.
Other physical details Index
Dimensions 26cm.
942 ## - ADDED ENTRY ELEMENTS (KOHA)
Source of classification or shelving scheme Dewey Decimal Classification
Koha item type Books
Holdings
Date last seen Total checkouts Full call number Barcode Cost, replacement price Price effective from Koha item type Lost status Source of classification or shelving scheme Damaged status Not for loan Withdrawn status Home library Current library Shelving location Date acquired Cost, normal purchase price
06/04/2025   TEA LM 530 JAM 00000011025 196731.00 06/04/2025 Books   Dewey Decimal Classification       College of Business Education Main Library College of Business Education Main Library General Collection 05/22/2005 65577.00
06/04/2025   TEA LM 530 JAM 00000011026 196731.00 06/04/2025 Books   Dewey Decimal Classification       College of Business Education Main Library College of Business Education Main Library General Collection 05/22/2005 65577.00
06/04/2025   TEA LM 530 JAM 00000011027 196731.00 06/04/2025 Books   Dewey Decimal Classification       College of Business Education Main Library College of Business Education Main Library General Collection 05/22/2005 65577.00
06/04/2025   TEA LM 530 JAM 00000011028 196731.00 06/04/2025 Books   Dewey Decimal Classification       College of Business Education Main Library College of Business Education Main Library General Collection 05/22/2005 65577.00